Quantum Information and Symmetry (Record no. 14839)

MARC details
000 -LEADER
fixed length control field 00920nam a2200121Ia 4500
008 - FIXED-LENGTH DATA ELEMENTS--GENERAL INFORMATION
fixed length control field 220615s9999||||xx |||||||||||||| ||und||
245 #0 - TITLE STATEMENT
Title Quantum Information and Symmetry
546 ## - LANGUAGE NOTE
Language note English[eng]
650 ## - SUBJECT ADDED ENTRY--TOPICAL TERM
Topical term or geographic name entry element s–wave symmetry Eliashberg formalism||BaGe3 superconductor||thermodynamic properties||nonlinearly coupled oscillators||PT symmetry||cross-Kerr nonlinearity||stability analysis||quantum properties||nonlinear oscillator||quantum entanglement||open system||??-symmetry||entanglement||negativity||quantum control||Mathieu functions||time-dependent driving fields||superconductivity||four-fermion attraction||Meissner effect||fermion quartets||attractor||complex Ginzburg–Landau equation||soliton||quantum machine learning||associative memory
700 ## - ADDED ENTRY--PERSONAL NAME
Personal name Leonski, Wiesław||Kalaga, Joanna K.||Szczęśniak, Radosław
856 ## - ELECTRONIC LOCATION AND ACCESS
Uniform Resource Identifier <a href="https://mdpi.com/books/pdfview/book/2349">https://mdpi.com/books/pdfview/book/2349</a>
942 ## - ADDED ENTRY ELEMENTS (KOHA)
Koha item type E-Books
Holdings
Withdrawn status Lost status Damaged status Not for loan Home library Current library Date acquired Total Checkouts Date last seen Price effective from Koha item type
        Kerala University of Digital Sciences, Innovation and Technology Knowledge Centre Kerala University of Digital Sciences, Innovation and Technology Knowledge Centre 15/06/2022   15/06/2022 15/06/2022 E-Books